000 00914cam a22002531 4500
001 ca 30000571
003 DLC
005 20260227111123.0
008 870319s1922 pl ac 000 0 pol
010 _aca 30000571
035 _a(OCoLC)15346011
040 _aDLC
_cCoU
_dCoU
_dOCoLC
_dDLC
050 0 0 _aPQ4390
_b.K53 1922
100 1 _aKlaczko, Julian,
_d1828-1906.
245 1 0 _aWieczory florenckie;
_bdzieło uwienczone przez Akademię francuską;
_cz upoważnienia autora przełożył St. Tarnowski.
250 _aWydanie 5.
260 _a[Warszawa]
_bF. Hoesick,
_c1922.
300 _aviii, 207 p.
_bfront., ports.
_c23 cm.
500 _aAt head of title: Julian Klaczko.
600 0 0 _aDante Alighieri,
_d1265-1321.
600 0 0 _aMichelangelo Buonarroti,
_d1475-1564.
600 1 0 _aDante Alighieri,
_d1265-1321
_xCharacters
_xBeatrice Portinari.
700 1 _aTarnowski, Stanisław,
_chrabia,
_d1837-1917,
_etr.
999 _c16637
_d16637